00526nam a2200157Ia 450000500170000000800390001702000180005608200150007410000270008924500700011626000220018630000140020852000940022265000250031670000270034120260302161943.0260302s9999 xx 000 0 und d a9781853833199 a339.5bCLA aClayton, Anthony M. H. 0aSustainability / cClayton, Anthony M. H.; Radcliffe, Nicholas J. bEarthscan, c1996 a276 pages aFirst Published in 1996. Routledge is an imprint of Taylor & Francis, an informa company. aBusiness & Economics aRadcliffe, Nicholas J.